000 00669nam a2200265Ia 4500
003 OSt
005 20221005081857.0
006 a|||||r|||| 00| 0
007 ta
008 221004b |||||||| |||| 00| 0 eng d
020 _a0761919260
024 _a32636
037 _cTextual
040 _aCRL
_cCRL
_beng
041 _2eng
_aeng
082 _aY48, P1
100 _aNorthouse Peter G.
245 0 _aLeadership
_b Theory and Practice
250 _a2nd
260 _aNew Delhi
_bSage Publication India
_c2001
300 _a294p.
_ccm.
650 _aSOCIOLOGY
942 _hY48, P1
_cTEXL
_2cc
999 _c988375
_d988375